[Event "Yerevan ol (Men)"]
[Site "Yerevan"]
[Date "1996.??.??"]
[Round "3"]
[White "Valenzuela, Luis"]
[Black "San Segundo, Pablo"]
[Result "1/2-1/2"]
[WhiteElo "2305"]
[BlackElo "2505"]

1.d4 d5 2.c4 c6 3.Nc3 Nf6 4.e3 e6 5.Nf3 Nbd7 6.Qc2 Bd6 7.Bd3 O-O 8.O-O dxc4
9.Bxc4 c5 10.h3 a6 11.a4 b6 12.dxc5 Bxc5 13.e4 Qc7 14.Qe2 Bb7 15.Bd3 Nh5
16.Be3 Nf4 17.Qd2 Bxe3 18.Qxe3 Rfd8 19.Rfd1 Nxd3 20.Qxd3 Nc5 21.Qc4 Rxd1+
22.Rxd1 Rd8 23.Rxd8+ Qxd8 24.a5 h6 25.b4 Nd7 26.axb6 Qxb6 27.Qd4 Qc7 28.Nd2 Bc6
29.Qc4 Qb6 30.Nb3 Ne5 31.Qc5 Qxc5 32.Nxc5 Bb5 33.Nb7 Bd3 34.Nd6 Kf8 35.b5 Ke7
36.bxa6 Bxa6 37.Ndb5 g5 38.Nd4 Kf6 39.f3 Nd3 40.Nc6 Bb7 41.Na5 Bc8 42.Nc6 Bd7
43.Nd4 Bc8  1/2-1/2

[Event "Yerevan op"]
[Site "Yerevan"]
[Date "1996.??.??"]
[Round "3"]
[White "Razuvaev, Yuri S"]
[Black "Kacheishvili, Giorgi"]
[Result "1-0"]
[WhiteElo "2580"]
[BlackElo "2460"]

1.d4 d5 2.c4 c6 3.Nf3 Nf6 4.Nc3 e6 5.e3 Nbd7 6.Qc2 Bd6 7.Bd3 dxc4 8.Bxc4 O-O
9.O-O Qe7 10.Bd2 e5 11.h3 Nb6 12.Nxe5 Bxe5 13.dxe5 Nxc4 14.exf6 Qxf6 15.Ne4 Qe6
16.Nc5 Qd5 17.Bb4 Nb6 18.Rfd1 Qc4 19.Qxc4 Nxc4 20.Rd4 Ne5 21.Nd3 Nxd3 22.Bxf8 Bf5
23.e4 Nf4 24.Re1 Bxh3 25.gxh3 Kxf8 26.Kh2 Ke8 27.Kg3 Ne6 28.Rd2 a5 29.f4 Ke7
30.f5 Nc5 31.Kf4 Re8 32.e5 Nd7 33.f6+  1-0

[Event "Yerevan op"]
[Site "Yerevan"]
[Date "1996.??.??"]
[Round "3"]
[White "Kuzmin, Alexey"]
[Black "Giorgadze, Giorgi"]
[Result "1/2-1/2"]
[WhiteElo "2530"]
[BlackElo "2590"]

1.d4 d5 2.c4 c6 3.Nc3 Nf6 4.e3 e6 5.Nf3 Nbd7 6.Qc2 Bd6 7.Bd3 dxc4 8.Bxc4 O-O
9.O-O Qe7 10.h3 c5 11.dxc5 Bxc5 12.e4 Bd6 13.Qe2 Ne5 14.Nxe5 Bxe5 15.Bd2 Bd7
16.f4 Bd4+ 17.Kh2 e5 18.Nd5 Nxd5 19.Bxd5 Be6 20.Bxe6 fxe6 21.Be3 Bxe3  1/2-1/2

[Event "Yerevan ol (Women)"]
[Site "Yerevan"]
[Date "1996.??.??"]
[Round "4"]
[White "Paasikangas, Johanna"]
[Black "Hamid, Rani"]
[Result "1-0"]
[WhiteElo "2195"]
[BlackElo "2135"]

1.d4 d5 2.c4 c6 3.Nc3 Nf6 4.Nf3 e6 5.e3 Be7 6.Qc2 O-O 7.b3 Nbd7 8.Bd3 Bd6
9.Bb2 a6 10.g4 g6 11.g5 Nh5 12.h4 b5 13.c5 Bc7 14.Ne2 Qe7 15.Qc3 a5 16.a3 Ba6
17.b4 f5 18.O-O-O Rfe8 19.Ne5 Nxe5 20.dxe5 Bb7 21.Qd4 axb4 22.axb4 Ra4 23.Bc2 Ra7
24.Ng3 Qg7 25.Rdg1 Ra2 26.Nxh5 gxh5 27.f4 Qg6 28.Kd2 Rea8 29.Ra1 Rxa1 30.Rxa1 Rxa1
31.Bxa1 Qe8 32.Bxf5 Bc8 33.Bc2 Qf7 34.Qd3 Bd7 35.g6 hxg6 36.Qxg6+ Qxg6 37.Bxg6 Bd8
38.Bxh5 Bxh4 39.Ke2 Kh7 40.Bc3 Kh6 41.Bg4 Kg6 42.Be1 Be7 43.Kf3 Bd8 44.Kg3 Be7
45.Kh3 Bf8 46.Bh4 Bc8 47.Kg3 Bd7 48.Be2 Bg7 49.Bd3+ Kh5 50.Bf6 Bh6 51.e4 dxe4
52.Bxe4 Bf8 53.Bf3+ Kg6 54.Kg4 Bh6 55.Be4+ Kf7 56.Bg5 Bg7 57.Kh5 Kg8 58.Bg6 Bf8
59.Bf6 Bg7 60.Bxg7 Kxg7 61.Kg5 Bc8 62.Be8 Bb7 63.f5 Kf8 64.Bd7 exf5 65.Kxf5 Ke7
66.e6  1-0

[Event "Yerevan op"]
[Site "Yerevan"]
[Date "1996.??.??"]
[Round "5"]
[White "Yakovich, Yuri"]
[Black "Giorgadze, Giorgi"]
[Result "1-0"]
[WhiteElo "2540"]
[BlackElo "2590"]

1.d4 d5 2.c4 c6 3.Nc3 Nf6 4.e3 e6 5.Nf3 Nbd7 6.Bd3 dxc4 7.Bxc4 b5 8.Bd3 Bb7
9.e4 b4 10.Na4 c5 11.e5 Nd5 12.O-O a6 13.Ng5 cxd4 14.Nxe6 fxe6 15.Qh5+ Ke7
16.Bg5+ N5f6 17.Rfe1 Qe8 18.exf6+ gxf6 19.Rxe6+ Kxe6 20.Qg4+ Kd6 21.Qxd4+ Kc7
22.Rc1+ Kb8 23.Bf4+ Ne5 24.Nb6 Ra7 25.Nd7+ Ka8 26.Nb6+ Kb8 27.Nd7+ Ka8 28.Be3  1-0

[Event "Yerevan ol (Men)"]
[Site "Yerevan"]
[Date "1996.??.??"]
[Round "5"]
[White "Akesson, Ralf"]
[Black "Illescas Cordoba, Miguel"]
[Result "0-1"]
[WhiteElo "2500"]
[BlackElo "2640"]

1.d4 d5 2.c4 c6 3.Nf3 Nf6 4.Nc3 e6 5.e3 Nbd7 6.Bd2 Bd6 7.Bd3 O-O 8.O-O Qe7
9.Qc2 dxc4 10.Bxc4 e5 11.Bb3 e4 12.Ng5 Bxh2+ 13.Kxh2 Ng4+ 14.Kg1 Qxg5 15.Qxe4 Ndf6
16.Qf3 Qh4 17.Qh3 Qg5 18.Qf3 Be6 19.Bxe6 fxe6 20.Qh3 e5 21.dxe5 Qxe5 22.Rae1 Rad8
23.Bc1 Qe7 24.e4 Ne5 25.Re2 Nfg4 26.Qg3 Qc5 27.Rd2 b5 28.Rxd8 Rxd8 29.Ne2 Rd3
30.Qf4 h6 31.Qf5 Qc2 32.Nc3 b4 33.Bf4 bxc3 34.Bxe5 Nxe5 35.Qxe5 Kh8 36.Qe8+ Kh7
37.Qe5 cxb2 38.Qf5+ Kg8 39.Qc8+ Kf7 40.Qf5+ Ke7 41.Qe5+ Kd7 42.Qxg7+ Kc8
43.Qf8+ Rd8 44.Qf5+ Kb7 45.Qf7+ Ka8  0-1

[Event "Yerevan ol (Men)"]
[Site "Yerevan"]
[Date "1996.??.??"]
[Round "5"]
[White "Campiz, Leonardo"]
[Black "Imanaliev, Taalaibek"]
[Result "0-1"]
[WhiteElo "2190"]
[BlackElo "2395"]

1.c4 c6 2.d4 d5 3.Nf3 Nf6 4.e3 e6 5.Nc3 Nbd7 6.Qc2 Bd6 7.cxd5 exd5 8.Bd3 O-O
9.Bd2 Re8 10.O-O-O Nf8 11.Rhe1 Bg4 12.h3 Bh5 13.g4 Bg6 14.Bxg6 Nxg6 15.h4 Nxg4
16.Ng5 Nxf2 17.Rg1 Nxd1 18.Qxd1 h6 19.h5 hxg5 20.hxg6 fxg6 21.e4 Bf4 22.Bxf4 gxf4
23.Rxg6 Qd7 24.Qf3 Re6 25.Rg2 dxe4 26.Qxf4 Qxd4 27.Rd2 Qf6 28.Qe3 Rf8 29.Nxe4 Qf1+
30.Kc2 Qc4+  0-1

[Event "Yerevan ol (Men)"]
[Site "Yerevan"]
[Date "1996.??.??"]
[Round "5"]
[White "Teo Kok Cheng"]
[Black "Guevara Sanchez, Erick Marvin"]
[Result "1/2-1/2"]
[WhiteElo "2270"]
[BlackElo "2365"]

1.d4 d5 2.Nf3 Nf6 3.c4 e6 4.Nc3 c6 5.e3 Bd6 6.Bd3 O-O 7.O-O Nbd7 8.e4 dxe4
9.Nxe4 Nxe4 10.Bxe4 e5 11.dxe5 Nxe5 12.Nxe5 Bxe5 13.Bxh7+ Kxh7 14.Qh5+ Kg8
15.Qxe5 Re8 16.Qc3 Bf5 17.Be3 Qh4 18.Rad1 Re4 19.Rd4 a6 20.Rfd1 Rxd4 21.Rxd4 Rd8
22.Rxd8+ Qxd8 23.h3 Qd1+ 24.Kh2 Qd6+ 25.f4 Qd3 26.Qe5 Qe4 27.Qc5 Qc2 28.Bd4 f6
29.Bc3 Be4 30.Qg1 Qe2 31.c5 Kf7 32.a3 g6 33.Kg3 Qd3+ 34.Kh2 Qe2 35.Bd4 Ke6
36.Bc3  1/2-1/2

[Event "ARM-ch"]
[Site "Yerevan"]
[Date "1996.??.??"]
[Round "5"]
[White "Lputian, Smbat G"]
[Black "Akopian, Vladimir"]
[Result "0-1"]
[WhiteElo "2580"]
[BlackElo "2620"]

1.d4 d5 2.c4 c6 3.e3 Nf6 4.Nc3 e6 5.Nf3 Nbd7 6.Bd3 dxc4 7.Bxc4 b5 8.Be2 Bb7
9.O-O Be7 10.e4 b4 11.e5 bxc3 12.exf6 Bxf6 13.bxc3 O-O 14.Rb1 Qc8 15.Qb3 Ba6
16.Bxa6 Qxa6 17.Qb7 Qxa2 18.Bf4 Nb6 19.Ra1 Qc4 20.Bd6 Rfe8 21.Rfb1 Qxc3 22.Bc7 Nd5
23.Bb8 Qxa1 24.Rxa1 Raxb8 25.Qxa7 h6 26.g3 Rb3 27.Kg2 Rb2 28.Qd7 Reb8 29.h3 c5
30.dxc5 R2b7 31.Qa4 Bxa1 32.Qxa1 Ne3+ 33.Kh2 Rb2 34.Qe1 Nd5 35.Nd4 Ra2 36.c6 Rbb2
37.Kg2 Kf8 38.h4 h5 39.Kg1 Rxf2 40.Qxf2 Rxf2 41.Kxf2 Nc7 42.Kf3 Ke7 43.g4 hxg4+
44.Kxg4 Kd6 45.Kg5 Nd5 46.h5 Ne7 47.c7 Kxc7 48.h6 gxh6+ 49.Kf6 Nf5 50.Nf3 Nd6
51.Ne5 Kd8 52.Kg7 h5  0-1

[Event "Yerevan ol (Men)"]
[Site "Yerevan"]
[Date "1996.??.??"]
[Round "5"]
[White "Kaabi, Mejdi"]
[Black "Nazarov, Anvar"]
[Result "1/2-1/2"]
[WhiteElo "2395"]
[BlackElo "2200"]

1.d4 d5 2.c4 e6 3.Nf3 Nf6 4.Nc3 c6 5.e3 Nbd7 6.Qc2 Bd6 7.Bd3 O-O 8.O-O Qe7
9.e4 dxc4 10.Bxc4 e5 11.Be3 exd4 12.Bxd4 Ne5 13.Nxe5 Bxe5 14.Bxe5 Qxe5 15.Be2 Re8
16.Rad1 Ng4 17.Bxg4 Bxg4 18.f3 Be6 19.f4 Qc5+ 20.Qf2 Qxf2+ 21.Rxf2 Rad8 22.Rfd2 Rxd2
23.Rxd2 Kf8 24.Kf2 f6 25.Kf3 Ke7 26.Ke3 b6 27.f5 Bf7 28.h4 g6 29.g4 h6 30.fxg6 Bxg6
31.Kf4 Bf7 32.a3 Be6 33.Nd1 h5 34.gxh5 Rh8 35.Ne3 Rxh5 36.Rh2 a5 37.Nf5+ Bxf5
38.exf5 Kd6 39.Kg4 Rh6 40.Rd2+ Ke5 41.Rd8 a4 42.Re8+ Kd5 43.h5 b5 44.Rg8 Ke4
45.Rg7 Rh8 46.Re7+ Kd5 47.Re6 Rh6  1/2-1/2

[Event "Yerevan ol (Men)"]
[Site "Yerevan"]
[Date "1996.??.??"]
[Round "5"]
[White "Itkis, Boris"]
[Black "Bacrot, Etienne"]
[Result "0-1"]
[WhiteElo "2470"]
[BlackElo "2470"]

1.d4 d5 2.Nf3 c6 3.c4 Nf6 4.Nc3 e6 5.e3 Nbd7 6.Qc2 Bd6 7.Bd3 O-O 8.Bd2 Re8
9.O-O e5 10.cxd5 cxd5 11.Nb5 Bb8 12.dxe5 Nxe5 13.Nxe5 Rxe5 14.Rac1 Rh5 15.f4 Bd7
16.h3 Bxb5 17.Bxb5 a6 18.Bd3 Ba7 19.Qc7 Ne4 20.Qxd8+ Rxd8 21.Bxe4 dxe4 22.Rc2 g5
23.Kh1 g4 24.Kh2 Rhd5 25.Bc1 h5 26.Rc7 R5d7 27.Rxd7 Rxd7 28.Kg3 gxh3 29.gxh3 Kg7
30.Rf2 Rd3 31.Re2 Kg6 32.Bd2 Kf5 33.Kf2 Bc5 34.Ke1 b6 35.a3 a5 36.Kd1 a4
37.Kc2 Rd6 38.Be1 Rg6 39.b3 axb3+ 40.Kxb3 Rd6 41.Bd2 Rd3+ 42.Kc4 Bxa3 43.Rg2 f6
44.Re2 Bc5 45.Kb5 Ke6 46.Kc4 Kd7 47.Kb5 Kd6 48.Bc1 f5 49.h4 Ba3  0-1

[Event "Yerevan op"]
[Site "Yerevan"]
[Date "1996.??.??"]
[Round "6"]
[White "Sturua, Zurab"]
[Black "Yuneev, Alexey"]
[Result "1-0"]
[WhiteElo "2540"]
[BlackElo "2415"]

1.d4 d5 2.c4 c6 3.Nf3 Nf6 4.Nc3 e6 5.e3 Nbd7 6.Qc2 Bd6 7.Bd2 O-O 8.Bd3 Qe7
9.O-O dxc4 10.Bxc4 e5 11.h3 e4 12.Ng5 Nb6 13.Bb3 Nbd5 14.Ncxe4 Nxe4 15.Nxe4 Bf5
16.f3 Rae8 17.Bc4 Bxe4 18.fxe4 Qxe4 19.Bd3 Qh4 20.Rf3 Nf6 21.Raf1 Nd5 22.e4 Nb6
23.Qb3 Rxe4 24.Rxf7 Nd5 25.Qxb7 Rfe8 26.Rxg7+ Kh8 27.Bxe4 Qxe4 28.Rg4  1-0

[Event "Yerevan ol (Men)"]
[Site "Yerevan"]
[Date "1996.??.??"]
[Round "7"]
[White "Al Ghasra, Ali"]
[Black "Rodgaard, John"]
[Result "1/2-1/2"]
[WhiteElo "2160"]
[BlackElo "2375"]

1.d4 d5 2.c4 e6 3.Nc3 c6 4.Nf3 Nf6 5.e3 Nbd7 6.Bd3 Be7 7.Qe2 b6 8.O-O Bb7
9.Rd1 O-O 10.e4 dxe4 11.Nxe4 Qc7 12.Neg5 Bd6 13.Ne4  1/2-1/2

[Event "Yerevan ol (Men)"]
[Site "Yerevan"]
[Date "1996.??.??"]
[Round "7"]
[White "Akesson, Ralf"]
[Black "Prie, Eric"]
[Result "1-0"]
[WhiteElo "2500"]
[BlackElo "2480"]

1.d4 d5 2.c4 c6 3.Nf3 Nf6 4.Nc3 e6 5.e3 Nbd7 6.Qc2 b6 7.Be2 Bb7 8.O-O Bd6
9.b3 O-O 10.Bb2 Re8 11.Rfd1 Qc7 12.Rac1 Rac8 13.h3 Qb8 14.Qb1 Nf8 15.Ne5 Ng6
16.Nxg6 hxg6 17.Bf3 Rcd8 18.Qc2 Bb4 19.a3 Be7 20.Rd2 Rd7 21.Rcd1 Red8 22.e4 dxe4
23.Nxe4 c5 24.Nxf6+ Bxf6 25.Bxb7 Qxb7 26.dxc5 bxc5 27.b4 cxb4 28.Rxd7 Rxd7
29.Rxd7 Qxd7 30.Bxf6 b3 31.Qxb3 gxf6 32.c5 Qd2 33.Qc4 Kf8 34.c6 Qd1+ 35.Kh2 Qd6+
36.g3 Qc7 37.Kg2 f5 38.a4 a5 39.Qc5+ Ke8 40.h4 Qd8 41.c7 Qa8+ 42.f3 Kd7 43.Qb6  1-0

[Event "Yerevan op"]
[Site "Yerevan"]
[Date "1996.??.??"]
[Round "7"]
[White "Yakovich, Yuri"]
[Black "Sveshnikov, Evgeny"]
[Result "1-0"]
[WhiteElo "2540"]
[BlackElo "2565"]

1.d4 d5 2.c4 c6 3.Nc3 Nf6 4.e3 e6 5.Nf3 Nbd7 6.Bd3 dxc4 7.Bxc4 b5 8.Bd3 b4
9.Ne4 Nxe4 10.Bxe4 Qb6 11.Qa4 Bb7 12.Nd2 Rc8 13.a3 c5 14.dxc5 Bxc5 15.axb4 Bxb4
16.O-O Rc7 17.Bxb7 Qxb7 18.Nb3 O-O 19.Rd1 Rb8 20.Bd2 h6 21.Na5 Qb5 22.h3 Bxd2
23.Qxb5 Rxb5 24.Rxd2 Nf6 25.Ra4 Nd5 26.Nc4 Kf8 27.Kf1 Ke7 28.Ke2 f6 29.g3 Rbc5
30.Na3 Rb7 31.Rc4 Rbc7 32.Rxc5 Rxc5 33.Nc2 a5 34.h4 g5 35.hxg5 hxg5 36.e4 Nc7
37.Ne3 Nb5 38.Kd1 Nd6 39.Rd4 Re5 40.f3 f5 41.Rxd6 fxe4 42.fxe4 Rxe4 43.Rd3 Kf6
44.Kd2 Rb4 45.Kc3 Ke5 46.Nc4+ Ke4 47.Re3+ Kf5 48.Nxa5 Rb8 49.Nc4 Kg4 50.b4 Kh3
51.Nd6 g4 52.Ne4 Kg2 53.Kc4 Rc8+ 54.Kd4 Rb8 55.Rb3 Rb5 56.Nc5  1-0

[Event "Yerevan op"]
[Site "Yerevan"]
[Date "1996.??.??"]
[Round "8"]
[White "Yuneev, Alexey"]
[Black "Kacheishvili, Giorgi"]
[Result "1/2-1/2"]
[WhiteElo "2415"]
[BlackElo "2460"]

1.d4 d5 2.c4 c6 3.Nc3 Nf6 4.e3 e6 5.Nf3 Nbd7 6.Bd3 dxc4 7.Bxc4 b5 8.Be2 a6
9.e4 b4 10.e5 bxc3 11.exf6 Nxf6 12.bxc3 Bd6 13.O-O Qc7 14.c4 c5 15.Bb2 Rb8
16.Rb1 O-O  1/2-1/2

[Event "Yerevan ol (Men)"]
[Site "Yerevan"]
[Date "1996.??.??"]
[Round "8"]
[White "Jelen, Igor"]
[Black "Pcola, Pavel"]
[Result "0-1"]
[WhiteElo "2415"]
[BlackElo "2450"]

1.d4 d5 2.c4 c6 3.Nc3 Nf6 4.e3 e6 5.Nf3 Nbd7 6.Bd3 dxc4 7.Bxc4 b5 8.Bd3 Bb7
9.O-O a6 10.e4 c5 11.d5 exd5 12.exd5 Bd6 13.Re1+ Kf8 14.Bg5 Qc7 15.a4 b4
16.Ne4 Nxe4 17.Bxe4 Re8 18.Rc1 h6 19.Bh4 g6 20.Qc2 Kg7 21.b3 Rhf8 22.g4 Qc8
23.Rcd1 Ne5 24.Nxe5 Bxe5 25.Bf3 Bc3 26.Rxe8 Rxe8 27.Bg3 c4 28.d6 Bxf3  0-1

[Event "Yerevan ol (Men)"]
[Site "Yerevan"]
[Date "1996.??.??"]
[Round "9"]
[White "Van der Sterren, Paul"]
[Black "Pinter, Jozsef"]
[Result "1/2-1/2"]
[WhiteElo "2510"]
[BlackElo "2560"]

1.d4 Nf6 2.c4 e6 3.Nf3 d5 4.Nc3 c6 5.e3 Nbd7 6.Qc2 Bd6 7.Be2 O-O 8.O-O Qe7
9.b3 Re8 10.Bb2 b6 11.e4 Nxe4 12.Nxe4 dxe4 13.Qxe4 Bb7 14.Rad1 Nf6 15.Qh4 c5
16.dxc5 Bxc5 17.Ne5 Rad8  1/2-1/2

[Event "Yerevan op"]
[Site "Yerevan"]
[Date "1996.??.??"]
[Round "9"]
[White "Yakovich, Yuri"]
[Black "Novikov, Igor A"]
[Result "1/2-1/2"]
[WhiteElo "2540"]
[BlackElo "2590"]

1.d4 d5 2.c4 e6 3.Nc3 c6 4.e3 Nf6 5.Nf3 Nbd7 6.Bd3 dxc4 7.Bxc4 b5 8.Bd3 Bb7
9.e4 b4 10.Na4 c5 11.e5 Nd5 12.O-O cxd4 13.Re1 g6 14.Bd2 Bg7 15.Bb5 a6 16.Nc5 axb5
17.Nxb7 Qb6 18.Nd6+ Ke7 19.Bg5+ Kf8 20.Nxd4 Nxe5 21.N4xb5 h6 22.Bh4 Nc4 23.Nxc4  1/2-1/2

[Event "Yerevan ol (Women)"]
[Site "Yerevan"]
[Date "1996.??.??"]
[Round "9"]
[White "Sheldon, Ruth"]
[Black "Delgado Crespo, Mairelys"]
[Result "1-0"]
[WhiteElo "2230"]
[BlackElo "2215"]

1.d4 d5 2.c4 c6 3.Nc3 Nf6 4.Nf3 e6 5.e3 Nbd7 6.Qc2 Bd6 7.Bd2 O-O 8.h3 e5
9.cxd5 cxd5 10.Nb5 Bb8 11.dxe5 Nxe5 12.Nbd4 Re8 13.Bb5 Bd7 14.Bxd7 Qxd7 15.O-O Ne4
16.Rfd1 Nc6 17.Rac1 Nxd4 18.Nxd4 h6 19.Qb3 a6 20.Ba5 Ng5 21.h4 Ne4 22.Nf3 Nf6
23.Bc3 Re6 24.Bxf6 Rxf6 25.Rxd5 Rd6 26.Rcd1 Qe7 27.Qd3 Rxd5 28.Qxd5 Bc7 29.Qc4 Bd6
30.Rd4 Rd8 31.Qd3 Qc7 32.Qd1 Be7 33.Rxd8+ Qxd8 34.Qxd8+ Bxd8 35.Kf1 h5 36.Ke2 Kf8
37.Kd3 Ke7 38.Kc4 Kd6 39.a4 Bf6 40.b4 Kc6 41.Nd4+ Kd6 42.Nf3 g6 43.Ng5 Ke7
44.b5 Be5 45.Kc5 Bc7 46.Nf3 axb5 47.axb5 Ke6 48.Ng5+ Ke7 49.Kd5 Ba5 50.Nf3 Bb4
51.Ne5 Bc3 52.e4 Ba5 53.Nd3 Kd7 54.e5 b6 55.f3 Bd2 56.Ke4 Ke7 57.Nf4 Ba5
58.Nd5+ Ke6 59.g4 Be1 60.gxh5 gxh5 61.Nf4+ Ke7 62.Nxh5 Bxh4 63.Kd5 Bf2 64.f4 Be3
65.f5 Bf2 66.Nf6 Bg1 67.Ne4 Bh2 68.f6+ Kf8 69.Nd6 Bg1 70.Kc6 Bd4 71.Nc4 Ke8
72.Kc7 Kf8 73.Kc6 Ke8 74.Nxb6 Bxe5 75.Nd7 Bg3 76.b6 Bc7 77.b7 Bd8 78.Nc5  1-0

[Event "Yerevan op"]
[Site "Yerevan"]
[Date "1996.??.??"]
[Round "10"]
[White "Malaniuk, Vladimir P"]
[Black "Cherniaev, Alexander"]
[Result "1-0"]
[WhiteElo "2585"]
[BlackElo "2430"]

1.d4 Nf6 2.Nf3 d5 3.c4 e6 4.Nc3 c6 5.e3 Nbd7 6.Qc2 Bd6 7.b3 O-O 8.Bb2 Qe7
9.Be2 b6 10.O-O Bb7 11.e4 Nxe4 12.Nxe4 dxe4 13.Qxe4 Rad8 14.Rad1 Nf6 15.Qe3 c5
16.h3 h6 17.Rfe1 Rfe8 18.Ne5 cxd4 19.Bxd4 Bb4 20.Rf1 Bc5 21.Bxc5 Qxc5 22.Qxc5 bxc5
23.Bf3 Bxf3 24.gxf3 a5 25.Nc6 Ra8 26.Rfe1 Kh7 27.Re5 Rec8 28.Rxc5 Ra6 29.Nb4 Rxc5
30.Nxa6 Rc6 31.Nb8 Rc8 32.Nd7 Nh5 33.Rd6 Nf4 34.Kh2 a4 35.Nb6 Rc5 36.Nxa4 Rg5
37.Rd2 Rg2+ 38.Kh1 Rg5 39.c5 Nxh3 40.c6 Nf4 41.Rc2 Rh5+ 42.Kg1 Rg5+ 43.Kf1 Rd5
44.Rc1 Rh5 45.Ke1 Nd5 46.Rc5 Rh1+ 47.Ke2 h5 48.Rxd5 exd5 49.Nc3  1-0

[Event "Yerevan op"]
[Site "Yerevan"]
[Date "1996.??.??"]
[Round "10"]
[White "Yuneev, Alexey"]
[Black "Crouch, Colin S"]
[Result "1/2-1/2"]
[WhiteElo "2415"]
[BlackElo "2380"]

1.d4 d5 2.c4 c6 3.Nc3 Nf6 4.e3 e6 5.Nf3 Nbd7 6.Bd3 dxc4 7.Bxc4 b5 8.Be2 Bb7
9.O-O Be7 10.a3 a5 11.Bd2 O-O 12.Qc2 Qb8 13.Rab1 b4 14.Na4 c5 15.Nxc5 Nxc5
16.dxc5 Rc8 17.axb4 axb4 18.Qb3 Rxc5 19.Qxb4 Qc7 20.Qb3 Ng4 21.Rfc1 Bxf3
22.Bxf3 Qxh2+ 23.Kf1 Rd8 24.Rxc5 Bxc5 25.Rd1 Ne5 26.Be1 Rf8 27.Qb7 Qh1+ 28.Ke2 Qh4
29.Rc1 Nxf3 30.Rxc5 Nxe1 31.Kxe1 Qh1+ 32.Ke2 Qb1 33.Rc8 h6 34.Rxf8+ Kxf8
35.Qc8+ Ke7 36.Qc3 f6 37.b4 Qa2+ 38.Kf3 Qd5+ 39.e4 Qh5+ 40.Ke3 Qg5+ 41.Ke2 Qxg2
42.Qc7+ Ke8 43.Qc6+ Ke7 44.b5 Qg4+ 45.Ke3 Qg5+ 46.Kd3 Qe5 47.Qb7+ Kd6 48.Qa6+ Kd7
49.Qc6+ Ke7 50.Qb7+ Kd6 51.Qc6+  1/2-1/2

[Event "Yerevan ol (Men)"]
[Site "Yerevan"]
[Date "1996.??.??"]
[Round "10"]
[White "Zueger, Beat"]
[Black "Rahman, Ziaur"]
[Result "0-1"]
[WhiteElo "2460"]
[BlackElo "2460"]

1.c4 e6 2.Nc3 d5 3.d4 c6 4.e3 Nf6 5.Nf3 Nbd7 6.Qc2 b6 7.Bd3 Bb7 8.O-O Be7
9.b3 Rc8 10.Bb2 c5 11.Qe2 O-O 12.Rfd1 Qc7 13.Ne5 dxc4 14.bxc4 cxd4 15.exd4 Nxe5
16.dxe5 Qc6 17.Qf1 Ng4 18.Be4 Qc7 19.Nb5 Qb8 20.Bxb7 Qxb7 21.Nd6 Bxd6 22.exd6 Qd7
23.Qe2 Nh6 24.Rd2 f6 25.Rc1 Rc6 26.Ba3 Rfc8 27.h3 Nf7 28.f4 h6 29.g4 e5 30.f5 Ng5
31.Qd3 Kh8 32.Kg2 e4 33.Qd5 Re8 34.Re2 Re5 35.Qd4 h5 36.Qe3 hxg4 37.hxg4 Kg8
38.Bb2 Rec5 39.Ba3 Rxc4 40.Rxc4 Rxc4 41.Qb3 b5 42.Qd1 g6 43.Qd5+ Kg7 44.Bc5 gxf5
45.gxf5 Qe8 46.Bf2 Qh5 47.Re3 Rc1 48.d7 Qh1+ 49.Kg3 Rg1+  0-1

[Event "Yerevan ol (Men)"]
[Site "Yerevan"]
[Date "1996.??.??"]
[Round "10"]
[White "Vera, Reynaldo"]
[Black "Hoang Than Trang"]
[Result "1/2-1/2"]
[WhiteElo "2505"]
[BlackElo "2360"]

1.d4 d5 2.c4 e6 3.Nc3 c6 4.e3 Nf6 5.Nf3 Nbd7 6.Qc2 Bd6 7.Bd3 O-O 8.O-O Qc7
9.Re1 dxc4 10.Bxc4 e5 11.Bb3 e4 12.Nd2 Re8 13.f3 exf3 14.Nxf3 c5 15.Bd2 h6
16.Kh1 Ng4 17.Re2 Nb6 18.Rf1 Be6 19.d5 Bd7 20.a4 a5 21.Ba2 Ne5 22.Bb1 g6
23.e4 Kg7 24.Qc1 Rh8 25.Nb5 Bxb5 26.axb5 Nbd7 27.Bc3 b6 28.Ref2 Rag8 29.Nxe5 Bxe5
30.d6 Qxd6 31.Rd2 Bd4 32.Qd1 Ne5 33.Bxd4 cxd4 34.Rxd4 Qc7 35.Rd5  1/2-1/2

[Event "Yerevan ol (Men)"]
[Site "Yerevan"]
[Date "1996.??.??"]
[Round "11"]
[White "Azmaiparashvili, Zurab"]
[Black "Akopian, Vladimir"]
[Result "1/2-1/2"]
[WhiteElo "2670"]
[BlackElo "2630"]

1.d4 d5 2.c4 c6 3.Nc3 Nf6 4.e3 e6 5.Nf3 Nbd7 6.Bd3 dxc4 7.Bxc4 b5 8.Bd3 Bb7
9.O-O a6 10.e4 c5 11.d5 c4 12.Bc2 Qc7 13.dxe6 fxe6 14.Ng5 Nc5 15.e5 Qxe5
16.Re1 Qd6 17.Qxd6 Bxd6 18.Be3 O-O 19.Rad1 Be7 20.Bxc5 Bxc5 21.Nxe6 Rfc8
22.h3 Rab8 23.a3 Bb6 24.Rd6 Ba5 25.Re3 b4 26.axb4 Bxb4 27.Rd4 Re8 28.Rxc4 Bxc3
29.Rcxc3 Nd5 30.Bb3 Nxe3 31.Nc7+ Nd5 32.Nxe8 Rxe8 33.Rc7 Ba8 34.Rd7 Rb8 35.Bxd5+ Bxd5
36.Rxd5 Rxb2 37.Rd8+ Kf7 38.Rd7+ Kg8 39.Ra7 Rb6 40.Kh2 Rc6 41.f3 h6 42.Kg3 Kh7
43.f4 Kg6 44.Kf3 Rb6 45.g3  1/2-1/2

[Event "Yerevan op"]
[Site "Yerevan"]
[Date "1996.??.??"]
[Round "11"]
[White "Khurtsidze, Nino"]
[Black "Volzhin, Alexander"]
[Result "1/2-1/2"]
[WhiteElo "2365"]
[BlackElo "2485"]

1.d4 d5 2.c4 e6 3.Nf3 c6 4.e3 Nf6 5.Nc3 Nbd7 6.Bd3 dxc4 7.Bxc4 b5 8.Bd3 a6
9.e4 c5 10.d5 c4 11.dxe6 fxe6 12.Bc2 Qc7 13.O-O Bb7 14.Ng5 Nc5 15.e5 Qxe5
16.Re1 Qd6 17.Qxd6 Bxd6 18.Be3 O-O 19.Rad1 Be7 20.Bxc5 Bxc5 21.Nxe6 Rfc8
22.h3 Rab8 23.a3 Ba7 24.g4 Bf3 25.Rd2 Re8 26.Bd1  1/2-1/2

[Event "Yerevan op"]
[Site "Yerevan"]
[Date "1996.??.??"]
[Round "11"]
[White "Lomineishvili, Maia"]
[Black "Hlgatian, Goar"]
[Result "1-0"]
[WhiteElo "2305"]
[BlackElo "2165"]

1.d4 d5 2.c4 e6 3.Nc3 c6 4.e3 Nf6 5.Nf3 Nbd7 6.Qc2 Bd6 7.Be2 O-O 8.O-O dxc4
9.Bxc4 e5 10.h3 Qe7 11.Bd2 Bc7 12.a3 a5 13.Ba2 exd4 14.Nxd4 Nc5 15.Rad1 Nce4
16.Bc1 Nxc3 17.bxc3 Ne4 18.Bb1 f5 19.a4 Kh8 20.Rfe1 Qe5 21.Nf3 Qxc3 22.Qa2 Qf6
23.Bb2 Be6 24.Qa1 Qh6 25.Ne5 Bd5 26.Ba2 Nf6 27.Bxd5 Nxd5 28.e4 fxe4 29.Ng4 Qg5
30.Rxe4 h5 31.Rde1 Rf7 32.Ne5 Rf5 33.h4 Qh6 34.Nf3 Bf4 35.Re6 Nf6 36.Qa3 Qg6
37.Qe7 Rb8 38.Nd4 Rd5 39.Ne2 Bd2 40.Rf1 Re8 41.Qxe8+ Qxe8 42.Rxe8+ Nxe8 43.Rd1 Nd6
44.Nc3 Bxc3 45.Rxd5 cxd5 46.Bxc3 b6 47.Be5 Nc4 48.Bd4 Kg8 49.f3 Kf7 50.Kf2 g6
51.Kg3 Ke6 52.Kf4 Kf7 53.Kg5 Nd2 54.Bxb6 Nb3 55.Kf4 Kf6 56.g4 Ke6 57.Ke3 Kd6
58.Bd8 Kc5 59.Kd3 Kb4 60.Be7+ Kxa4 61.gxh5 gxh5 62.f4 Kb5 63.f5 Nc5+ 64.Kd4 Ne4
65.f6 Nxf6 66.Bxf6 Kc6 67.Be7 Kd7 68.Bg5 Ke6 69.Bd2 a4 70.Bg5 Kf5 71.Kc3 Ke4
72.Kb4 d4 73.Kxa4 d3 74.Kb3 Kd4 75.Bh6  1-0

[Event "Yerevan ol (Men)"]
[Site "Yerevan"]
[Date "1996.??.??"]
[Round "12"]
[White "Safin, Shukhrat"]
[Black "Novikov, Igor A"]
[Result "0-1"]
[WhiteElo "2510"]
[BlackElo "2585"]

1.d4 d5 2.c4 e6 3.Nc3 c6 4.e3 Nf6 5.Nf3 Nbd7 6.Qc2 Bd6 7.Bd2 O-O 8.O-O-O c5
9.Kb1 a6 10.cxd5 exd5 11.Bc1 c4 12.g4 Nb6 13.h3 Re8 14.Bg2 Bd7 15.Ne5 Bxe5
16.dxe5 Rxe5 17.f4 Re8 18.e4 Bc6 19.g5 Nh5 20.Bf3 Nxf4 21.Bxf4 d4 22.Qf2 d3
23.Rhf1 Nd7 24.Qd4 b5 25.Bh5 g6 26.Bg4 Qb6 27.Qd6 Rad8 28.Be3 Qxe3 29.Qxc6 Ne5
30.Qxa6 b4 31.Rfe1 Qf2 32.Nd5 c3 33.bxc3 bxc3 34.Nf6+ Kh8 35.Qa3 Ra8 36.Qxc3 Qxa2+
37.Kc1 Reb8  0-1

[Event "Yerevan ol (Men)"]
[Site "Yerevan"]
[Date "1996.??.??"]
[Round "14"]
[White "Giorgadze, Giorgi"]
[Black "Kaidanov, Grigory S"]
[Result "1-0"]
[WhiteElo "2580"]
[BlackElo "2580"]

1.d4 d5 2.c4 c6 3.Nc3 Nf6 4.Nf3 e6 5.e3 Nbd7 6.Qc2 b6 7.Be2 Bb7 8.O-O Be7
9.b3 O-O 10.Bb2 Rc8 11.Rad1 Qc7 12.Ne5 Nxe5 13.dxe5 Nd7 14.f4 f6 15.exf6 Nxf6
16.Kh1 Bd6 17.Bd3 e5 18.cxd5 cxd5 19.Qe2 Bc6 20.Bf5 Rce8 21.Nb5 Bxb5 22.Qxb5 Qc5
23.Qd3 exf4 24.exf4 Ne4 25.Bd4 Qc7 26.Qh3 Nf6 27.Bxf6 gxf6 28.Rxd5 Rd8 29.Rfd1 Rfe8
30.Be6+ Kh8 31.Qf5 Be7 32.h3 Rxd5 33.Bxd5 Rd8 34.Rd3 Qc5 35.Kh2 a5 36.a3 Qc8
37.Be6 Qc5 38.Qg4 Qc7 39.Rg3  1-0

[Event "Yerevan ol (Women)"]
[Site "Yerevan"]
[Date "1996.??.??"]
[Round "14"]
[White "Sheldon, Ruth"]
[Black "Cosma, Elena Luminita"]
[Result "0-1"]
[WhiteElo "2230"]
[BlackElo "2270"]

1.d4 d5 2.c4 e6 3.Nc3 c6 4.e3 Nf6 5.Nf3 Nbd7 6.Be2 Bd6 7.O-O O-O 8.Qc2 Re8
9.b3 Qe7 10.e4 Nxe4 11.Nxe4 dxe4 12.Qxe4 e5 13.Bg5 Qf8 14.c5 exd4 15.Qxd4 Bxc5
16.Qd2 h6 17.Bh4 Bb4 18.Qc2 Qc5 19.Qxc5 Nxc5 20.Bd1 Bf5 21.a3 Bc3 22.Rc1 Ne4
23.Bc2 Bb2 24.Rb1 Bxa3 25.b4 c5 26.bxc5 Bxc5 27.Rxb7 g5 28.Bb3 Bg6 29.Bg3 Nxg3
30.hxg3 Rab8 31.Rxb8 Rxb8 32.Bc4 Bd6 33.Ra1 Rb1+ 34.Rxb1 Bxb1 35.Nd4 a5 36.Bb3 Bd3
37.Ba4 Kf8 38.g4 Bc5 39.Nc6 Bb4 40.g3 Be2 41.Kg2 Bxg4 42.Nd4 Ke7 43.Nc6+ Kf8
44.Nd4 f6 45.f3 Bc8 46.g4 Ke7 47.Nf5+ Bxf5 48.gxf5 Bd2 49.Kg3 h5  0-1

[Event "Zalakaros op"]
[Site "Zalakaros"]
[Date "1996.??.??"]
[Round "5"]
[White "Dekker, Andries"]
[Black "Benesch, Heribert"]
[Result "1/2-1/2"]
[WhiteElo "2205"]
[BlackElo "2055"]

1.d4 d5 2.Nf3 Nf6 3.c4 c6 4.e3 e6 5.Nc3 Nbd7 6.Be2 Bd6 7.O-O O-O 8.a4 dxc4
9.Nd2 e5 10.Nxc4 Bc7 11.b3 exd4 12.Qxd4 Nb6 13.Qxd8 Rxd8 14.Ba3 Nbd5 15.Nxd5 Nxd5
16.Bb2 Bf5 17.Ne5 Bc2 18.Bc4 Bxe5 19.Bxe5 Nb6 20.Bc7 Rd2 21.Bxb6 axb6 22.f3 Rad8
23.Rf2 Rxf2 24.Kxf2 Bf5 25.e4 Bc8 26.Ke3 Kf8 27.f4 f6 28.h3 Ke7 29.f5 Bd7
30.Rd1 Ra8 31.g4 h6 32.Rc1 Ra5 33.Kf4 Be8 34.Re1 Re5 35.Rd1 Ra5 36.Re1 Re5
37.h4 Bf7 38.Bxf7 Kxf7 39.g5 hxg5+ 40.hxg5 b5 41.gxf6 gxf6 42.Rh1 bxa4 43.bxa4 b5  1/2-1/2